| 000 | 01022nac a22002891u 4500 | ||
|---|---|---|---|
| 010 | _a 83014387 | ||
| 020 | _a0443019819 (pbk.) : | ||
| 022 | _a0443033617 | ||
| 082 | 0 | 0 |
_a616.07561 _bD117 |
| 090 |
_c3604 _d3604 |
||
| 100 | _aDacie, John V. | ||
| 245 | 1 | 0 |
_aPractical haematology / _cSir John V. Dacie, S.M. Lewis. |
| 250 |
_a6th ed: _bInternational Edition. |
||
| 260 |
_aEdinburgh ; _aNew York : _bChurchill Livingstone, _c1984. |
||
| 300 |
_a453 p. : _bill. ; _c25 cm. |
||
| 500 | _aDonations. | ||
| 500 | _aDonations - Bibliotheca Alexandrina. | ||
| 504 | _aIncludes bibliographies and index. | ||
| 650 | 0 |
_aBlood _xExamination. |
|
| 650 | 0 |
_aHematology _xTechnique. |
|
| 650 | 0 | _aBlood. | |
| 650 | 0 | _aDiagnosis, Laboratory. | |
| 650 | 0 |
_aHematologic diseases _xDiagnosis. |
|
| 700 | 1 |
_aLewis, S. M. _q(Shirley Mitchell) |
|
| 942 |
_cBB _k616.07561D117 |
||
| 999 |
_c3604 _d3604 |
||